Car Brands in the Answer - Statistics

General Stats
  • This quiz has been taken 84 times
  • The average score is 8 of 20
Answer Stats
Clue Answer % Correct
AC power developer Nikola {Tesla}
82%
Elegant fashion designer Tom {Ford}
79%
Smallest planet in our solar system {Mercury}
74%
Finnish mobile company No{kia}
62%
Diminutive clone of Dr. Evil {Mini}-Me
58%
HBO show set in luxury hotels The White {Lotus}
53%
Sport in a 2004 Ben Stiller movie {Dodge}ball
50%
Capital of Nebraska {Lincoln}
50%
Greatest Japanese baseball player Ichiro {Suzuki}
47%
2023 Adam Driver movie {Ferrari}
42%
National animal of Brazil {Jaguar}
37%
Lead character of "Peaky Blinders" Tommy {Shelby}
37%
Ancient region that contained much of modern-day Romania {Dacia}
30%
French explorer who founded Detroit Antoine de la Mothe {Cadillac}
26%
Suburb of Detroit that gave nameto Walter White's car brand {Pontiac}
24%
Skrillex / Rick Ross song Purple {Lamborghini}
24%
Phrase you say about something extremely solid, safe and durable Built like a {Volvo}
17%
Star of "The Bridge on the River Kwai"and "Network" William {Holden}
14%
First Jewish month according to Torah(alternative spelling) {Nissan}
13%
Highest deity in Zoroastrianism Ahura {Mazda}
12%
No matching quizzes found
Score Distribution
Percent of People with Each Score
Percentile by Number Answered
Your Score History
You have not taken this quiz